Statistiques concernant Petit Bac #46 - Communes de Rhône-Alpes

Cliquez ici pour prendre le quiz!

Statistiques générales

  • Ce quiz a été pris 680 fois
  • Le résultat moyen est 9 sur 14

Statistiques - réponses

1ère LettreCommune (15000+ hab.)% Correct
LLyon / L'Isle-d'Abeau
95%
VVilleurbanne / Vénissieux / Valence / Vaulx-en-Velin / Villefranche-sur-Saône / Vienne / Voiron / Villefontaine
94%
AAnnecy / Annemasse / Aix-les-Bains / Albertville / Annonay
88%
GGrenoble / Givors
88%
SSaint-Etienne / Saint-Priest / Saint-Martin-d'Hères / Saint-Chamond / Sainte-Foy-lès-Lyon / Saint-Genis-Laval / Saint-Fons / Saint-Égrève / Sallanches / Saint-Just-Saint-Rambert
85%
CChambéry / Caluire-et-Cuire / Cluses
81%
BBourg-en-Bresse / Bron / Bourgoin-Jallieu / Bourg-lès-Valence
77%
RRoanne / Romans-sur-Isère / Rillieux-la-Pape / Rumilly / Rive-de-Gier
68%
MMontélimar / Meyzieu / Meylan / Montbrison
56%
TThonon-les-Bains / Tassin-la-Demi-Lune
51%
OOullins / Oyonnax
48%
EEchirolles / Ecully
46%
FFontaine / Firminy
29%
DDécines-Charpieu
23%

Distribution des résultats

Percentile par nombre de réponses

% des personnes avec chaque résultat

Votre développement - résultats

Vous n’avez pas pris ce quiz